000 00959nam a2200277Ia 4500
001 u21952
003 SIRSI
005 20180219123714.0
007 he|amb|||bacu
008 000816s1969 ua a b 000 0 eng d
039 9 _a200301151240
_bsaid
_y200203190952
_zload
040 _aEAL
090 _aThesis
_bS-1495
100 1 _aSoliman, Nabil Zaki.
245 1 0 _aStudies on chlorinated organic compounds
_h[microform] /
_cNabil Zaki Soliman.
246 _aدراسات علىالمركبات العضوية الكلورينية.
260 _c1969.
300 _a99, 3 leaves :
_bill. ;
_c30 cm.
504 _aIncludes bibliographical references (leaves 93-99).
533 _aMicrofiche.
_bASUNET,
_cAin Shams University,
_e2 microfiches : negative.
546 _aSummary in Arabic.
546 _aThesis (M.S.)-- Cairo University, 1969.
596 _a1
650 0 _aOrganochlorine compounds.
942 _cMIC
_2lcc
999 _c2445
_d2445